00860nam a2200253Ia 4500003000400000005001700004008004100021020001800062040001800080041000800098082001800106100002600124245004700150250001200197260006900209300002500278650002000303650002400323650002600347650001800373942002700391999001900418952016900437OSt20260305142555.0210716s2012 xx 000 0 und d a9789382332060 cAIMIT LIBRARY aeng a425 21bGIRA aGirdhar, A P.9257824 aCommunicative english I /cBy A P Girdhar. a1st ed. aNew Delhi :bI K International Publishing House Pvt Ltd ,c2012. a198p. ;bPBc21.9 cm aGrammar9257825 aComposition9257826 aShort stories9257827 aPoems9257828 2ddccBKe1stk425 GIRA c194129d194129 00102ddc40708MCAaAIMITbAIMITcEGeKnowledge Worldg145.00iBill no:173; Bill dt:2014-07-12l0o425 GIRApMCA13637r2026-05-23 00:00:00v108.75w2021-07-16yBK